| Tag |
First Indicator |
Second Indicator |
Subfields |
| LEADER |
00000cam a2200000Ii 4500 |
| 001 |
in00000047656 |
| 005 |
20190604140054.0 |
| 008 |
790913s1957 nbub s s000 0 eng |
| 010 |
|
|
|a 57063899
|
| 035 |
|
|
|a (OCoLC)ocm05372918
|
| 035 |
|
|
|a (OCoLC)05372918
|
| 035 |
|
|
|9 AAE9742AM
|
| 040 |
|
|
|a DLC
|b eng
|c CLE
|d AGL
|d OCL
|d OCLCQ
|d STF
|d NBL
|d OCLCA
|d OCLCF
|d OCLCQ
|d OCLCA
|d TXA
|
| 029 |
1 |
|
|a AU@
|b 000027982200
|
| 035 |
|
|
|a (OCoLC)5372918
|
| 043 |
|
|
|a n-us-nb
|
| 050 |
|
4 |
|a S451.N2
|b A6
|
| 070 |
0 |
|
|a 2
|b N274N
|
| 072 |
|
0 |
|a E100
|
| 082 |
|
|
|a 338.1
|
| 086 |
|
|
|a A5100 S085 -1957
|2 nbdocs
|
| 092 |
|
|
|a 630.61
|b N36na
|
| 049 |
|
|
|a TXAM
|
| 110 |
1 |
|
|a Nebraska.
|b Department of Agriculture and Economic Development.
|
| 245 |
1 |
0 |
|a Nebraska agricultural statistics:
|b historical record, 1866-1954 /
|c Nebraska Dept. of Agriculture and Inspection cooperating with the U.S. Dept. of Agriculture, Agricultural Marketing Service, Agricultural Estimates ; Assembled by Thelma M. Mahr, statistical assistant.
|
| 260 |
|
|
|a [Lincoln] :
|b State-Federal Division of Agricultural Statistics,
|c [1957]
|
| 300 |
|
|
|a 176 pages :
|b map ;
|c 24 cm
|
| 336 |
|
|
|a text
|b txt
|2 rdacontent
|
| 337 |
|
|
|a unmediated
|b n
|2 rdamedia
|
| 338 |
|
|
|a volume
|b nc
|2 rdacarrier
|
| 650 |
|
0 |
|a Agriculture
|z Nebraska
|v Statistics.
|
| 650 |
|
7 |
|a Agriculture.
|2 fast
|0 (OCoLC)fst00801355
|
| 651 |
|
7 |
|a Nebraska.
|2 fast
|0 (OCoLC)fst01208998
|
| 655 |
|
7 |
|a Statistics.
|2 fast
|0 (OCoLC)fst01423727
|
| 700 |
1 |
|
|a Mahr, Thelma M.,
|e compiler.
|
| 776 |
0 |
8 |
|i Online version:
|a Nebraska. Department of Agriculture and Economic Development.
|t Nebraska agricultural statistics.
|d [Lincoln] : State-Federal Division of Agricultural Statistics, [1957]
|w (OCoLC)703840051
|
| 994 |
|
|
|a C0
|b TXA
|
| 949 |
|
|
|a updated
|b h
|c 2019/6/4
|e coplinger
|f 2:00:46 pm
|
| 999 |
f |
f |
|s fa39978d-6ff9-3b81-9eb9-93b47025d2c3
|i fcfb734b-c386-3205-8b97-0c8bf82975a1
|t 0
|
| 952 |
f |
f |
|p ric
|a Texas A&M University
|b Rellis Campus
|c Joint Library Facility
|d Remote Storage
|t 0
|e S451.N2 A6
|h Library of Congress classification
|i unmediated -- volume
|m A14850907495
|
| 998 |
f |
f |
|a S451.N2 A6
|t 0
|l Remote Storage
|